Normal view
MARC view
- تاليف شومان، مايكل ؛ ترجمة محمد نجار ؛ مراجعة فاروق جرار
Entry Personal Name
001 - CONTROL NUMBER
- control field: 52617
003 - CONTROL NUMBER IDENTIFIER
- control field: JO-AjAnu
005 - DATE AND TIME OF LATEST TRANSACTION
- control field: 20230606082640.0
008 - FIXED-LENGTH DATA ELEMENTS
- fixed length control field: 230606|| aca||aabn | a|a d
040 ## - CATALOGING SOURCE
- Original cataloging agency: JO-AjAnu
- Transcribing agency: JO-AjAnu
100 ## - HEADING--PERSONAL NAME
- Personal name: تاليف شومان، مايكل ؛ ترجمة محمد نجار ؛ مراجعة فاروق جرار
670 ## - SOURCE DATA FOUND
- Source citation: Work cat.: (JO-AjAnu)26887: تاليف شومان، مايكل ؛ ترجمة محمد نجار ؛ مراجعة فاروق جرار, author, نحو قرية عالمية = Towards aglobal village : مبادرات تطوير مجتمع عالمي